<?xml version="1.0" encoding="UTF-8"?><OAI-PMH xmlns="http://www.openarchives.org/OAI/2.0/" xmlns:xsi="http://www.w3.org/2001/XMLSchema-instance"     xsi:schemaLocation="http://www.openarchives.org/OAI/2.0/ http://www.openarchives.org/OAI/2.0/OAI-PMH.xsd"><responseDate>2026-04-26T19:15:18Z</responseDate><request verb="GetRecord" identifier="oai:regmurcia.com:fintegr.5551" metadataPrefix="marc21">http://oai.regmurcia.com/oai2/oai2.php</request><GetRecord><record><header><identifier>oai:regmurcia.com:fintegr.5551</identifier><datestamp>2026-04-26</datestamp><setSpec>documentos</setSpec></header><metadata><record  xmlns="http://www.loc.gov/MARC21/slim" xmlns:xsi="http://www.w3.org/2001/XMLSchema-instance" xsi:schemaLocation="http://www.loc.gov/MARC21/slim http://www.loc.gov/standards/marcxml/schema/MARC21slim.xsd" type="Bibliographic"><leader>00000nam a2200000   4500</leader><controlfield tag="001" >005017771</controlfield><controlfield tag="003" >5551</controlfield><controlfield tag="004" >A00000000</controlfield><datafield tag="245" ind1=" " ind2=" "><subfield code="a">Autos hechos en virtud de las Reales Órdenes para que Murcia pagase cierta cantidad que debía de los derechos de la media anata.</subfield></datafield><datafield tag="300" ind1=" " ind2=" "><subfield code="a">27 páginas</subfield></datafield><datafield tag="351" ind1=" " ind2=" "><subfield code="a">Unidad documental compuesta</subfield><subfield code="c">Archivo de Murcia. Array</subfield><subfield code="a">Unidad documental compuesta</subfield><subfield code="c">Archivo de Murcia. Array</subfield></datafield><datafield tag="351" ind1=" " ind2=" "><subfield code="b">Nº3</subfield></datafield><datafield tag="520" ind1=" " ind2=" "><subfield code="a">Autos en cumplimiento de las Reales Ordenes para la más breve exacción de los débitos de media anata, a su cobro y al reconocimiento de las que se causaren , poniéndolo en noticia de Su Majestad, y del referido derecho de la media anata, y estando cobradas, se le remitan. Para que Murcia pagara 1.688.272 maravedís que debía de medias annatas por el privilegio que se le concedio de que no se pudiera eximir de este corregimiento la ciudad de Lorca y su justificación hecho de no haber tenido efecto.
Incluye relación de las cantidades que se deben de la media anata en las ciudades, villas y lugares de la provincia de Murcia.</subfield></datafield><datafield tag="535" ind1=" " ind2=" "><subfield code="a">Archivo Municipal de Murcia</subfield></datafield><datafield tag="583" ind1=" " ind2=" "><subfield code="u">http://www.regmurcia.com/servlet/s.Sl?METHOD=VERDOCUMENTO&amp;sit=serv,Carmesi&amp;n=/01/312/indice.djvu</subfield></datafield><datafield tag="592" ind1=" " ind2=" "><subfield code="b">1715-10-22 Madrid</subfield></datafield><datafield tag="592" ind1=" " ind2=" "><subfield code="c">1716-07-07 Murcia</subfield></datafield><datafield tag="592" ind1=" " ind2=" "><subfield code="d">1716-12-31 00:00:00</subfield></datafield><datafield tag="786" ind1=" " ind2=" "><subfield code="o">http://www.regmurcia.com/servlet/s.Sl?METHOD=VERDOCUMENTO&amp;sit=serv,Carmesi&amp;n=/01/312/indice.djvu</subfield></datafield><datafield tag="856" ind1=" " ind2=" "><subfield code="u">http://www.regmurcia.com/servlet/s.Sl?METHOD=DETALLE&amp;sit=c,373,m,139,serv,Carmesi&amp;id=5551</subfield></datafield></record></metadata></record></GetRecord></OAI-PMH>
